Metodología de análisis colectivo con registro abierto : documento de síntesis /

El presente documento, que colocamos a disposición de todos y todas, está compuesto de dos partes. La primera de ellas corresponde a un extracto del libro de nuestro compañero Hernán Peralta "Cómo hacer para saber qué hacer", en el que se relata cómo desarrollar la "Metodología de Análisis con Regis...

Full description

Bibliographic Details
Corporate Author: Colectivo Paulo Freire
Format: Analitica de revista
Language:Spanish
Published: Santiago de Chile Quimantú 2012

MARC

LEADER 00000cab a2200000 a 4500
001 030150
003 UAHC_CL
005 20170803123155.0
008 121114b cl 000 spa
040 |a UAHC_CL  |c UAHC_CL  |d UAHC_CL 
245 1 0 |a Metodología de análisis colectivo con registro abierto :  |b documento de síntesis /  |c Colectivo Paulo Freire. 
260 |b Quimantú  |a Santiago de Chile  |c 2012 
300 |a p. 92-111 
500 |a En: Diatriba. Revista Pedagógica Militante. No. 2, agosto 2012. ISSN: --. pp. 92-111. 
500 |a En: Diatriba. Revista Pedagógica Militante. No. 2, agosto 2012. ISSN: --. pp. 92-111. 
520 |a El presente documento, que colocamos a disposición de todos y todas, está compuesto de dos partes. La primera de ellas corresponde a un extracto del libro de nuestro compañero Hernán Peralta "Cómo hacer para saber qué hacer", en el que se relata cómo desarrollar la "Metodología de Análisis con Registro Abierto", la que está enfocada en desarrollar, en conjunto con las comunidades, procesos de investigación sobre su propia realidad, como paso necesario para la transformación de ésta. 
520 |a El presente documento, que colocamos a disposición de todos y todas, está compuesto de dos partes. La primera de ellas corresponde a un extracto del libro de nuestro compañero Hernán Peralta "Cómo hacer para saber qué hacer", en el que se relata cómo desarrollar la "Metodología de Análisis con Registro Abierto", la que está enfocada en desarrollar, en conjunto con las comunidades, procesos de investigación sobre su propia realidad, como paso necesario para la transformación de ésta. 
710 1 |a Colectivo Paulo Freire 
759 |a PP053 
773 0 |t Diatriba : revista de pedagogía militante.  |w 030141 
900 |a DIATRIBA-02/12 
942 |c REVA 
952 |0 0  |1 0  |4 0  |6 DIATRIBA_02_12_000000000000000  |7 0  |8 General  |9 58991  |a BC  |b BC  |c General  |d 2017-08-03  |l 0  |o DIATRIBA-02/12  |p FICTICIO2154  |r 2019-01-08 00:00:00  |t 1  |w 2017-08-03  |y REVA 
999 |c 30150  |d 30150